Dos recursos em processo civil

Bibliographic Details
Main Author: Leitó, Helder Martins
Format: Unknown
Language:Portuguese
Published: Porto : Almeida & Leitó, Lda, 2005
Subjects:
Online Access:Acceso restringido

MARC

LEADER 00000ny a22000003n 4500
005 20110620130055.0
008 030330s2005 po ak 000 0 por
010 |a 2004443876 
020 |a 9789727490462 
035 |a 1807 
040 |a DLC  |c DLC  |d vLex 
050 0 0 |a KKQ1822  |b .L45 2000 
090 |c 872  |d 872 
100 1 |a Leitó, Helder Martins 
245 1 0 |a Dos recursos em processo civil  |h [Recurso electrn̤ico]  |c Helder Martins Leitó 
256 |a Servicio en ln̕ea 
260 |a Porto :  |b Almeida & Leitó, Lda,  |c 2005 
300 |a p. :  |b il., forms. ;  |c 23 cm 
506 1 |a Contenido solo disponible en los productos indicados  |d vLex Global  |d vLex Global (Academic Edition, excluding Law Schools)  |d vLex Global (U.S. Academic Edition, Law Schools)  |d vLex Global (U.S. Academic Edition, excluding Law Schools)  |d vLex Global (Academic Edition, Law Schools) 
650 0 4 |a Medios de impugnacin̤ 
650 0 4 |a Procedimiento civil 
740 0 |a vLex Libros (Servicios en ln̕ea) 
856 4 0 |u http://vlex.com/source/1807  |z Acceso restringido 
942 |c BOOK 
999 0 |a Appellate procedure  |z Portugal 
999 0 |a Civil procedure  |z Portugal.